00305nam a2200133Ia 4500008004000000041000800040082001200048100002100060245002400081260003400105650001100139650000800150650001300158210210b1956 xxu||||| |||| 00| 0 eng d aeng a425/227 aPARTRIDGE (Eric) aWthats the meaning? aLondonbHamish Hamiltonc1956 aWthats athe ameaning?